| 000 | 00560nam a22001695i 4500 | ||
|---|---|---|---|
| 001 | 163287 | ||
| 003 | ES-MaACL | ||
| 005 | 20250703063121.0 | ||
| 008 | 950206s1883 sp |||| | spa d | ||
| 040 |
_aAS _bspa _cCCPB | PA2 |
||
| 100 | 1 |
_aRenan, Ernest, _d1823-1892 _996168 |
|
| 245 | 1 | 4 |
_aLos frailes _b: esbozo religioso, natural, político y social / _cpor Renán. |
| 260 |
_aMadrid : _b[s.n.], _c1883 ( _fImp. de A. Pérez Dubrull) |
||
| 300 |
_aIX, 51 p. ; _c18 cm. |
||
| 852 |
_aES-MaACL _jFol-Laf-531 _z-- Rúst. |
||
| 999 |
_c163287 _d163287 |
||